Biblioteca

La fe mesiánica de Marx (Registro nro. 64816)

Detalles MARC
000 -LÍDER
Campo fijo de descripción fija 01819naa a22002174i 4500
001 - NÚMERO DE CONTROL
Campo de control 768714001
003 - IDENTIFICADOR DEL NÚMERO DE CONTROL
Campo de control CO-MdFUSB
005 - FECHA Y HORA DE LA ULTIMA TRANSACCIÓN
control field 20260313092914.0
008 - ELEMENTOS DE LONGITUD FIJA -- INFORMACIÓN GENERAL
Campo fijo de descripción fija -- Información general 190215s1993 sp ||||| |||| 00| 0 spa d
022 ## - NÚMERO INTERNACIONAL NORMALIZADO PARA PUBLICACIONES SERIADAS
Número Internacional Normalizado para Publicaciones Seriadas 0210-104
040 ## - FUENTE DE CATALOGACIÓN
Agencia Catalogadora CO-MdFUSB
Idioma de catalogación spa
Agencia que realiza la transcripción CO-MdFUSB
Agencia que realiza la modificación CO-MdFUSB
041 ## - CÓDIGO DE IDIOMA
Código de idioma para texto/pista de sonido o título separado spa
100 ## - ASIENTO PRINCIPAL--NOMBRE PERSONAL
Nombre personal Kee, Alistair
Término relacionador autor
245 03 - TÍTULO
Título La fe mesiánica de Marx
Mención de responsabilidad / Alistair Kee
300 ## - DESCRIPCIÓN FÍSICA
Extensión Número 245 (1993), páginas 143-158
Dimensiones : 21 cm
520 ## - NOTA DE RESUMEN, ETC.
Nota de sumario, etc. "¡No nos enviéis más mesías!", fue el clamor encarecido de D.H. Lawrence. Ahora que estamos reexaminando el curso seguido por el siglo XX, nos damos cuenta exactamente de lo que eso quería decir. El mensaje es claro: Ha habido demasiados falsos mesías. Indujeron a error y llenaron de confusión a la gente llana y sencilla, haciéndole olvidad al único Mesías verdadero. O, más bien, el mensaje no es enteramente lo opuesto. La posibilidad de confusión, ¿no surgió precisamente porque a Cristo se le ha descrito demasiado tiempo con los mismos colores que a esos falsos salvadores? Esos movimientos irreligiosos de los tiempos modernos, ¿deberán se rechazados de plano como voces extrañas, o no nos llegarán como mensajeros involuntarios a una iglesia que ha tirado por sus propios caminos? Y en el mundo moderno ho hay mensaje más significativo que el del original auténtico marxismo. Indudablemente, cuando en 1989 se barrió aquello a lo que el mismo Marx se refería como "crudo e irreflexivo comunismo", se nos hizo posible escuchar con mayor atención y encarecimiento lo que decía esa Voz dentro de la voz
650 #7 - ASIENTO SECUNDARIO DE MATERIA - TERMINO TEMÁTICO
Término temático o nombre geográfico como elemento de entrada Filosofía
9 (RLIN) 7168
773 0# - ASIENTO DE ITEM FUENTE
Biblionumber 49450
Itemnumber 60419
Otro identificador del ítem R0327
Título Revista internacional de teología Concilium
Número de control del registro (CO-MdFUSB)8
Número Internacional Normalizado para Publicaciones Seriadas (ISSN) 0210-1041
Parte(s) relacionada(s) / Volumen., número. (mes año), páginas Número 245 (1993), páginas 143-158
Enumeración y primera página Página 143
942 ## - TIPO DE MATERIAL (KOHA)
Tipo de Item KOHA Artículos de Revista
945 ## - INFORMACIÓN LOCAL DEL REGISTRO
Catalogador JTF-925

No hay ítems disponibles.

Biblioteca FUSBC | Teléfono: (57+4) 349 88 10 Ext. 141| WhatsApp (+57) 3005338115 
E-mail: biblioteca@unisbc.edu.co | Calle 76 87-14 Robledo Palenque, Medellín, Colombia

Con tecnología Koha